| 000 | 01425cam a2200325 a 4500 | ||
|---|---|---|---|
| 001 | 3525523 | ||
| 003 | OSt | ||
| 005 | 20240621121433.0 | ||
| 008 | 960812s1997 nyua bf 001 0 eng | ||
| 010 | _a 96031066 | ||
| 020 | _a0679444785 | ||
| 040 |
_aMUST LIB _cMUST _dMUST |
||
| 050 | 0 | 0 |
_aAG105 _b.K57 1997 |
| 082 | 0 | 0 |
_a117 _220 _bANN |
| 100 | 1 |
_aKipfer, Barbara Ann. _917577 |
|
| 245 | 1 | 4 |
_aThe order of things : _bhow everything in the world is organized-- into hierarchies, structures, & pecking orders / _cBarbara Ann Kipfer. |
| 250 | _a1st ed. | ||
| 260 |
_aNew York : _bRandom House, _cc1997. |
||
| 300 |
_axxv, 389 p. : _bill. ; _c24 cm. |
||
| 504 | _aIncludes bibliographical references (p. 377-380) and index. | ||
| 650 | 0 |
_aHandbooks, vade-mecums, etc. _917578 |
|
| 650 | 0 |
_aOrder _xMiscellanea _xHandbooks, manuals, etc. _917579 |
|
| 650 | 0 |
_aClassification _xMiscellanea _xHandbooks, manuals, etc. _917580 |
|
| 650 | 0 |
_aKnowledge, Sociology of _xMiscellanea _xHandbooks, manuals, etc. _917581 |
|
| 856 | 4 | 2 |
_3Contributor biographical information _uhttp://www.loc.gov/catdir/bios/random057/96031066.html |
| 856 | 4 | 2 |
_3Publisher description _uhttp://www.loc.gov/catdir/description/random049/96031066.html |
| 906 |
_a7 _bcbc _corignew _d1 _eocip _f19 _gy-gencatlg |
||
| 942 |
_2ddc _cO_SHELF |
||
| 999 |
_c8695 _d8695 |
||